| 000 | 00832cam a2200289Ia 4500 | ||
|---|---|---|---|
| 001 | 50256 | ||
| 005 | 20230411090001.0 | ||
| 008 | 040727s2000 su a 000 0 eng d | ||
| 035 | _a(OCoLC)ocm56030127 | ||
| 040 |
_aCLU _cCLU _dMYG |
||
| 020 | _a996093120X | ||
| 020 | _a9789960931203 | ||
| 035 | _a(OCoLC)56030127 | ||
| 043 | _aa-su--- | ||
| 090 |
_aDS223 _b.K52 2000 |
||
| 049 | _aGRAL | ||
| 245 | 0 | 4 | _aThe King Abdulaziz Historical Centre. |
| 260 |
_aRiyadh : _bArriyadh Development Authority, _cc2000. |
||
| 300 |
_a151 p. : _bill. (some col.) ; _c31 cm. |
||
| 500 | _aErrata slip insrted. | ||
| 600 | 1 | 0 | _aKing Abdulaziz Historical Centre (Riyadh, Saudi Arabia) |
| 651 | 0 |
_aSaudi Arabia _xHistory. |
|
| 710 | 2 | _aArriyadh Development Authority. | |
| 942 |
_2lcc _cbk |
||
| 946 | _aclperez | ||
| 994 |
_aC0 _bDRFGD |
||
| 999 |
_c110415 _d110415 |
||